00353nam a2200085Ia 4500008004100000245009700041260000900138300009700147650002300244180130s9999 xx 000 0 und d cAlecu, Felician; Pocatilu, Paul; Capisizu, SergiuaProject management with it security focus c2015 aBook title: Strategic planning for project management--Acession number C20548; pages 213-222 aPROJECT MANAGEMENT